[Event "12ème Open International de NANTES"]
[Site "Nantes - France"]
[Date "2013.12.30"]
[Round "6.5"]
[White "Colin, Vincent"]
[Black "Crouan, Stephane"]
[Result "1/2-1/2"]
[WhiteElo "2413"]
[BlackElo "2174"]
[PlyCount "67"]
[EventDate "2013.??.??"]

1. d4 Nf6 2. c4 g6 3. Nc3 Bg7 4. e4 d6 5. h3 O-O 6. Bg5 c6 7. Nf3 a6 8. a4 a5
9. Bd3 Na6 10. O-O h6 11. Be3 Nh5 12. e5 dxe5 13. dxe5 Nb4 14. Be4 Qxd1 15.
Rfxd1 g5 16. Na2 f5 17. exf6 Bxf6 18. Bd4 Nf4 19. Bxf6 exf6 20. Nxb4 axb4 21.
Nd4 Ra5 22. Bf3 f5 23. Nb3 Re5 24. Rd4 Be6 25. Nd2 Kg7 26. Kf1 Kf6 27. a5 Ra8
28. a6 Rxa6 29. Rxa6 bxa6 30. Bxc6 Ra5 31. f3 Ra1+ 32. Kf2 Ra2 33. b3 h5 34. g3
1/2-1/2

[Event "12ème Open International de NANTES"]
[Site "Nantes - France"]
[Date "2013.12.30"]
[Round "6.6"]
[White "Le Roux, Jean-Pierre"]
[Black "Henno, Francois"]
[Result "1-0"]
[WhiteElo "2568"]
[BlackElo "1992"]
[PlyCount "67"]
[EventDate "2013.??.??"]

1. d4 Nf6 2. Nf3 e6 3. g3 b6 4. Bg2 Bb7 5. c4 Be7 6. O-O O-O 7. d5 exd5 8. Nh4
c6 9. cxd5 cxd5 10. Nf5 Ne4 11. Nc3 Nxc3 12. bxc3 Na6 13. c4 d6 14. cxd5 Bf6
15. Bf4 Be5 16. Bxe5 dxe5 17. e4 Nc5 18. Qd2 g6 19. Nh6+ Kg7 20. Ng4 f6 21. f4
Qd6 22. fxe5 fxe5 23. Qh6+ Kg8 24. Qg5 Nd3 25. h4 Qc5+ 26. Kh2 Nf2 27. Rxf2
Rxf2 28. Qxe5 Ba6 29. Nxf2 Qxf2 30. d6 Qf7 31. Qd4 Bc4 32. Rc1 b5 33. e5 Rd8
34. Rxc4 1-0

[Event "12ème Open International de NANTES"]
[Site "Nantes - France"]
[Date "2013.12.30"]
[Round "6.7"]
[White "Picard, Remi"]
[Black "Le Ruyet, Leopold"]
[Result "0-1"]
[WhiteElo "2057"]
[BlackElo "2259"]
[PlyCount "52"]
[EventDate "2013.??.??"]

1. e4 c5 2. Nf3 d6 3. d4 cxd4 4. Nxd4 Nf6 5. Nc3 g6 6. Be2 Bg7 7. O-O O-O 8.
Re1 Nc6 9. Nb3 a5 10. a4 Be6 11. Bf1 d5 12. Nc5 Bg4 13. Be2 d4 14. Nb5 Qb6 15.
Nd3 Bxe2 16. Rxe2 Nd7 17. Nf4 e6 18. c3 Rfd8 19. cxd4 Nxd4 20. Nxd4 Bxd4 21.
Be3 Bxe3 22. Rxe3 Qxb2 23. Rd3 Qf6 24. Rb1 Nc5 25. Rxd8+ Rxd8 26. Qc1 Nxe4 0-1

[Event "12ème Open International de NANTES"]
[Site "Nantes - France"]
[Date "2013.12.30"]
[Round "6.8"]
[White "Le Borgne, Pierre"]
[Black "Hutois, Mickael"]
[Result "1/2-1/2"]
[WhiteElo "2257"]
[BlackElo "2141"]
[Annotator "Violeau,Jean-Luc"]
[PlyCount "41"]
[EventDate "2013.??.??"]

1. e4 e5 2. Nf3 Nc6 3. Bb5 Nge7 4. c3 g6 5. d4 exd4 6. cxd4 Bg7 7. d5 Nb8 8.
O-O O-O 9. Nc3 d6 10. Re1 Nd7 11. Bg5 h6 12. Be3 c5 13. dxc6 bxc6 14. Bc4 Nb6
15. Bb3 d5 16. Bc5 Re8 17. Nd4 Bb7 18. exd5 Nexd5 19. Rxe8+ Qxe8 20. Nxd5 cxd5
21. Qd3 {(=)} 1/2-1/2

[Event "12ème Open International de NANTES"]
[Site "Nantes - France"]
[Date "2013.12.30"]
[Round "6.9"]
[White "Julien, Jules-Alois"]
[Black "Le Goff, Ronan"]
[Result "1/2-1/2"]
[WhiteElo "1975"]
[BlackElo "2189"]
[PlyCount "47"]
[EventDate "2013.??.??"]

1. e4 e5 2. f4 exf4 3. Bc4 d5 4. Bxd5 Nf6 5. Nc3 Bg4 6. Nf3 Nxd5 7. Nxd5 g5 8.
h4 c6 9. Nc3 gxh4 10. d4 Bh6 11. Ne2 h3 12. Qd3 Na6 13. Bd2 Bg7 14. gxh3 Bxf3
15. Qxf3 Qh4+ 16. Qf2 Qxf2+ 17. Kxf2 O-O-O 18. Bxf4 Rhe8 19. Ke3 Nb4 20. Rac1
Nd5+ 21. Kf3 Nxf4 22. Kxf4 Bxd4 23. Nxd4 Rxd4 24. Rhe1 1/2-1/2

[Event "12ème Open International de NANTES"]
[Site "Nantes - France"]
[Date "2013.12.30"]
[Round "6.10"]
[White "Brard, Laurent"]
[Black "Kurayan, Ruslan"]
[Result "0-1"]
[WhiteElo "1890"]
[BlackElo "2393"]
[PlyCount "50"]
[EventDate "2013.??.??"]

1. d4 g6 2. c4 Bg7 3. Nc3 d6 4. e4 Nc6 5. Be3 e5 6. Nge2 f5 7. dxe5 Nxe5 8.
exf5 Bxf5 9. Nd4 Ne7 10. Bg5 Qd7 11. Be2 O-O 12. O-O Rae8 13. h3 Bxh3 14. gxh3
Qxh3 15. f4 Ng4 16. Bxg4 Bxd4+ 17. Qxd4 Qxg4+ 18. Kh2 Nf5 19. Qd5+ Kg7 20. Qf3
Qxf3 21. Rxf3 h6 22. Rd1 hxg5 23. fxg5 Rh8+ 24. Kg1 Rh5 25. Nd5 Reh8 0-1

[Event "12ème Open International de NANTES"]
[Site "Nantes - France"]
[Date "2013.12.30"]
[Round "6.11"]
[White "Otmani, Kamel"]
[Black "Humeau, Mickael"]
[Result "1-0"]
[WhiteElo "2105"]
[BlackElo "1926"]
[PlyCount "119"]
[EventDate "2013.??.??"]

1. e4 b6 2. d4 Bb7 3. Bd3 e6 4. Nc3 Ne7 5. Nf3 g6 6. O-O Bg7 7. Bg5 d6 8. d5 e5
9. Bb5+ Nd7 10. Bc6 Bxc6 11. dxc6 Nb8 12. Bxe7 Qxe7 13. Qd5 O-O 14. b4 a6 15.
a4 Kh8 16. b5 f5 17. Nd2 Bh6 18. Qd3 Bxd2 19. Qxd2 fxe4 20. Nxe4 Qf7 21. Nc3
Qc4 22. Qd3 Qf7 23. f3 Qg7 24. Nd5 axb5 25. axb5 Rxa1 26. Rxa1 e4 27. Qc3 Qxc3
28. Nxc3 exf3 29. Rf1 Rf5 30. Rxf3 Rc5 31. Na4 Rxb5 32. Rf8+ Kg7 33. Rxb8 Rb1+
34. Kf2 b5 35. Rb7 Rc1 36. Rxc7+ Kf6 37. Nb6 Rxc2+ 38. Kf3 Ke6 39. Rc8 b4 40.
c7 b3 41. Re8+ Kf7 42. c8=Q Rxc8 43. Nxc8 Kxe8 44. Nxd6+ Ke7 45. Nc4 Ke6 46.
Ke4 Kf6 47. h3 Kg5 48. g3 h6 49. Nb2 Kf6 50. Nd3 Kg5 51. Ke5 h5 52. Nb2 Kh6 53.
Kf6 Kh7 54. g4 hxg4 55. hxg4 Kh6 56. g5+ Kh7 57. Nd3 Kh8 58. Kxg6 Kg8 59. Kf6
Kh8 60. g6 1-0

[Event "12ème Open International de NANTES"]
[Site "Nantes - France"]
[Date "2013.12.30"]
[Round "6.12"]
[White "Sentis, Maxime"]
[Black "Lambert, Romain"]
[Result "0-1"]
[WhiteElo "1876"]
[BlackElo "2085"]
[Annotator "Violeau,Jean-Luc"]
[PlyCount "116"]
[EventDate "2013.??.??"]

1. e4 c5 2. Nf3 d6 3. d4 cxd4 4. Qxd4 Nc6 5. Bb5 Bd7 6. Bxc6 Bxc6 7. Nc3 Nf6 8.
Bg5 e6 9. O-O-O Be7 10. Rhe1 O-O 11. e5 dxe5 12. Qh4 Qc7 13. Nxe5 Rac8 14. Rd3
Nd5 15. Nxc6 Bxg5+ 16. Qxg5 bxc6 17. Rg3 f6 18. Qg4 {(=)} e5 19. Qe6+ Qf7 20.
Qxf7+ Kxf7 21. Rd1 Rfd8 22. Rgd3 Ke6 23. Na4 Ke7 24. Nc5 Nf4 25. Rd7+ Ke8 26.
Rxd8+ Rxd8 27. Rxd8+ Kxd8 28. g3 Nh3 29. Ne6+ Kd7 30. Nxg7 Nxf2 31. Kd2 Ng4 32.
h4 Kd6 33. Nf5+ Ke6 34. Ng7+ Kd5 35. Nf5 Ke4 36. Ne7 Kf3 37. Nxc6 Kf2 38. c4 e4
39. Nd4 e3+ 40. Kd1 Ne5 41. c5 Nc6 42. Ne2 f5 43. a3 a5 44. b3 h5 45. Nf4 Kxg3
46. Nxh5+ Kxh4 47. Nf4 Kg3 48. Nd5 Kf2 49. Nf4 Kf1 50. Ne2 Kf2 51. Nf4 Kf3 52.
Nd3 Ke4 53. Ne1 f4 54. Ke2 Nd4+ 55. Kf1 f3 56. b4 a4 57. Nxf3 Kxf3 58. c6 e2+
0-1

[Event "12ème Open International de NANTES"]
[Site "Nantes - France"]
[Date "2013.12.30"]
[Round "6.13"]
[White "Perrier, Jean-Francois"]
[Black "Marchadour, Emilie"]
[Result "1-0"]
[WhiteElo "1733"]
[BlackElo "2043"]
[PlyCount "101"]
[EventDate "2013.??.??"]

1. d4 Nf6 2. Nf3 c5 3. e3 g6 4. Bd3 Bg7 5. O-O cxd4 6. exd4 O-O 7. Nbd2 b6 8.
Ne4 Nd5 9. c4 Nb4 10. Be2 d5 11. Nc3 dxc4 12. a3 Nd3 13. Bxd3 cxd3 14. Qxd3 Ba6
15. Nb5 Nd7 16. Rd1 Nc5 17. dxc5 Qxd3 18. Rxd3 Bxb5 19. Rb3 Bc4 20. Rb4 b5 21.
Nd2 Rfd8 22. h3 a5 23. Rxc4 bxc4 24. Nxc4 Rd1+ 25. Kh2 Bh6 26. Bxh6 Rxa1 27.
Kg3 a4 28. Kf3 f6 29. Be3 Kf7 30. Nb6 Ra6 31. Ke4 Ke6 32. Kd3 Rb1 33. Kc2 Rg1
34. g3 Rh1 35. h4 Ke5 36. Bf4+ Ke6 37. Kc3 Rf1 38. Be3 Rb1 39. Kc2 Re1 40. Kd2
Rf1 41. Kc3 Re1 42. Kd2 Rxe3 43. Kxe3 Ke5 44. Kd3 Ra7 45. f3 g5 46. h5 f5 47.
Ke3 f4+ 48. gxf4+ gxf4+ 49. Kd3 Kf5 50. c6 Rc7 51. Nd5 1-0

[Event "12ème Open International de NANTES"]
[Site "Nantes - France"]
[Date "2013.12.30"]
[Round "6.14"]
[White "Primel, Dominique"]
[Black "Legastelois, Julien"]
[Result "1-0"]
[WhiteElo "2013"]
[BlackElo "1735"]
[PlyCount "53"]
[EventDate "2013.??.??"]

1. Nf3 Nf6 2. c4 e6 3. g3 d5 4. d4 Bb4+ 5. Bd2 Be7 6. Bg2 O-O 7. Qb3 c5 8. cxd5
exd5 9. O-O c4 10. Qc2 Nc6 11. b3 Be6 12. Nc3 Rc8 13. Rfd1 Nb4 14. Qb2 Bf5 15.
Nh4 Be6 16. Be1 Nh5 17. Nf3 f5 18. a3 Nc6 19. bxc4 f4 20. cxd5 Bxd5 21. Nxd5
Qxd5 22. Ne5 Qd6 23. Qa2+ Kh8 24. Nf7+ Rxf7 25. Qxf7 Qh6 26. Bxc6 fxg3 27. hxg3
1-0

[Event "12ème Open International de NANTES"]
[Site "Nantes - France"]
[Date "2013.12.30"]
[Round "6.15"]
[White "Le Gallo, Frederic"]
[Black "Marie, Fred"]
[Result "1-0"]
[WhiteElo "1990"]
[BlackElo "1693"]
[PlyCount "31"]
[EventDate "2013.??.??"]

1. e4 c5 2. c3 g6 3. d4 cxd4 4. cxd4 Bg7 5. Nf3 e6 6. Nc3 Ne7 7. Be2 O-O 8. O-O
a6 9. Bg5 f6 10. Bf4 Qb6 11. Na4 Qa5 12. Rc1 Nbc6 13. Bd3 Re8 14. b4 Qd8 15. d5
exd5 16. exd5 1-0

[Event "12ème Open International de NANTES"]
[Site "Nantes - France"]
[Date "2013.12.30"]
[Round "7.1"]
[White "Kunin, Vitaly"]
[Black "Lagarde, Maxime"]
[Result "1-0"]
[WhiteElo "2552"]
[BlackElo "2511"]
[PlyCount "55"]
[EventDate "2013.??.??"]

1. d4 f5 2. Nc3 d5 3. Bf4 a6 4. e3 Nf6 5. Nf3 e6 6. Bd3 c5 7. dxc5 Bxc5 8. O-O
Nc6 9. Ne2 Qe7 10. Ned4 O-O 11. Nxc6 bxc6 12. Ne5 Ne4 13. Bxe4 fxe4 14. Nxc6
Qb7 15. Ne5 Qxb2 16. c4 Bd6 17. Qh5 d4 18. Nc6 g6 19. Qh6 Bxf4 20. Ne7+ Kf7 21.
Qxh7+ Ke8 22. Nxc8 Rxc8 23. exf4 d3 24. Qxg6+ Ke7 25. Qxe4 Rfd8 26. Rab1 Qf6
27. Rfd1 d2 28. Qb7+ 1-0

[Event "12ème Open International de NANTES"]
[Site "Nantes - France"]
[Date "2013.12.30"]
[Round "7.3"]
[White "Crouan, Stephane"]
[Black "Le Roux, Jean-Pierre"]
[Result "1/2-1/2"]
[WhiteElo "2174"]
[BlackElo "2568"]
[Annotator "Violeau,Jean-Luc"]
[PlyCount "93"]
[EventDate "2013.??.??"]

1. e4 g6 2. d4 d6 3. g3 Bg7 4. Bg2 c5 5. dxc5 Qa5+ 6. c3 Qxc5 7. Be3 Qc7 8. Ne2
Nf6 9. h3 Nc6 10. Na3 O-O 11. O-O Be6 12. Nf4 Bd7 13. c4 Rac8 14. Nb5 Qa5 15.
Nc3 Rfe8 16. Nd3 Be6 17. Nd5 Nd7 18. a4 Qd8 19. Rc1 Na5 20. b3 Nc5 21. b4 Nxd3
22. Qxd3 Nc6 23. Qb3 Bd4 24. Bxd4 Nxd4 25. Qe3 Nc6 26. b5 Na5 27. Qxa7 Rc5 28.
e5 Nxc4 29. exd6 exd6 30. Nf4 b6 31. Rfd1 Rc7 32. Qa6 Rc5 33. Bd5 Bxd5 34. Nxd5
Nb2 35. Rxc5 Nxd1 (35... dxc5) 36. Rc8 Qxc8 37. Qxc8 (37. Ne7+) 37... Rxc8 38.
Ne7+ Kf8 39. Nxc8 Nc3 40. Nxb6 Ke7 41. Kf1 Kd8 42. Nc4 Nxa4 43. Nxd6 Ke7 44.
Nc4 Ke6 45. b6 Nc5 46. Ke2 Nb7 47. Ke3 1/2-1/2

[Event "12ème Open International de NANTES"]
[Site "Nantes - France"]
[Date "2013.12.30"]
[Round "7.5"]
[White "Stets, Dmitry"]
[Black "Otmani, Kamel"]
[Result "1-0"]
[WhiteElo "2410"]
[BlackElo "2105"]
[PlyCount "57"]
[EventDate "2013.??.??"]

1. e4 e6 2. d4 d5 3. Nc3 Nf6 4. e5 Nfd7 5. f4 c5 6. Nf3 Nc6 7. Be3 a6 8. Qd2 b5
9. Be2 Qb6 10. Nd1 Be7 11. O-O f5 12. c3 O-O 13. Bf2 a5 14. Rc1 Ba6 15. Kh1
cxd4 16. Nxd4 Nxd4 17. Bxd4 Bc5 18. g4 g6 19. gxf5 gxf5 20. Ne3 Bxd4 21. cxd4
Rac8 22. b4 a4 23. Bh5 Qb7 24. Qf2 Nb6 25. Rxc8 Qxc8 26. Qh4 Qd8 27. Rg1+ Kh8
28. Rg5 Qc7 29. Bg6 1-0

[Event "12ème Open International de NANTES"]
[Site "Nantes - France"]
[Date "2013.12.30"]
[Round "7.7"]
[White "Lambert, Romain"]
[Black "Bonn, Thomas"]
[Result "0-1"]
[WhiteElo "2085"]
[BlackElo "2284"]
[Annotator "Violeau,Jean-Luc"]
[PlyCount "104"]
[EventDate "2013.??.??"]

1. d4 Nf6 2. c4 e6 3. Nc3 Bb4 4. e3 O-O 5. a3 Bxc3+ 6. bxc3 d6 7. Bd3 c5 8. Ne2
Nc6 9. O-O e5 10. e4 Nd7 11. Be3 b6 12. f4 f6 13. Rf3 Rf7 14. Qa4 Bb7 15. fxe5
fxe5 16. Rxf7 Kxf7 17. d5 Ne7 18. Ng3 Nf6 19. Rf1 Qe8 20. Qd1 Kg8 21. Bg5 Qg6
22. Bxf6 gxf6 23. Nh5 Rf8 24. Qf3 Bc8 25. Ng3 {(=)} Qg5 26. Qf2 Ng6 27. Kh1 Nf4
28. Bc2 Rf7 29. Ne2 Ng6 30. Ng3 Nf4 31. Ne2 Nxe2 32. Qxe2 Rg7 33. Bd1 h5 34.
Qf2 h4 35. Be2 Bd7 36. Bd1 Be8 37. Bc2 Rg6 38. Bd1 Kg7 39. Bc2 Rh6 40. Bd1 Bg6
41. Bc2 Bh7 42. Bd3 Qg4 43. Qe3 Rg6 44. Qf2 Kg8 45. Bc2 Rg5 46. Bd3 Bxe4 47.
Bxe4 Qxe4 48. Re1 Qg4 49. Re3 Qd1+ 50. Re1 Rf5 51. Qg1 Qd3 52. Re3 Qxe3 0-1

[Event "12ème Open International de NANTES"]
[Site "Nantes - France"]
[Date "2013.12.30"]
[Round "7.9"]
[White "Le Goff, Ronan"]
[Black "Noulet, Jeremy"]
[Result "1-0"]
[WhiteElo "2189"]
[BlackElo "1943"]
[PlyCount "81"]
[EventDate "2013.??.??"]

1. d4 d5 2. Nc3 Nf6 3. Bg5 Nbd7 4. e3 e6 5. Bd3 Be7 6. Nh3 c5 7. O-O a6 8. a3
O-O 9. Kh1 b5 10. f4 cxd4 11. exd4 Bb7 12. Qf3 Qb6 13. Ne2 Rfe8 14. Nf2 Qc6 15.
Ng3 h6 16. Ng4 Nxg4 17. Qxg4 f5 18. Qh5 hxg5 19. fxg5 Nf8 20. Rf4 g6 21. Qh6
Bd6 22. Rh4 Re7 23. Qh8+ Kf7 24. Qf6+ Ke8 25. Rh8 Rf7 26. Qxg6 Bxg3 27. hxg3
Qd6 28. Qh5 Qxg3 29. g6 Rg7 30. Rxf8+ Kxf8 31. Qh8+ Rg8 32. Qf6+ Ke8 33. Qxe6+
Kd8 34. Qxg8+ Kc7 35. Qh7+ Kb6 36. Bxf5 Bc8 37. Qh3 Qc7 38. Bxc8 Rxc8 39. Qe6+
Qc6 40. Re1 Rh8+ 41. Kg1 1-0

[Event "12ème Open International de NANTES"]
[Site "Nantes - France"]
[Date "2013.12.30"]
[Round "7.10"]
[White "Perrier, Jean-Francois"]
[Black "Jaulin, Philippe"]
[Result "0-1"]
[WhiteElo "1733"]
[BlackElo "2181"]
[PlyCount "48"]
[EventDate "2013.??.??"]

1. d4 Nf6 2. Nf3 g6 3. Bf4 Bg7 4. e3 d6 5. Be2 O-O 6. h4 Bg4 7. Ng5 Bxe2 8.
Qxe2 h6 9. Nh3 c5 10. c3 Nc6 11. g4 e5 12. dxe5 dxe5 13. Bg3 Ne4 14. Nd2 Nxg3
15. fxg3 e4 16. O-O Qe7 17. Qc4 Rad8 18. Rad1 Rd3 19. Nf4 Rxe3 20. Nxg6 Qc7 21.
Nxe4 Ne5 22. Nxe5 Qxe5 23. Rde1 b5 24. Qxc5 Rxe4 0-1

[Event "12ème Open International de NANTES"]
[Site "Nantes - France"]
[Date "2013.12.30"]
[Round "7.11"]
[White "Le Pen, Steven"]
[Black "Marie, Maxime"]
[Result "1/2-1/2"]
[WhiteElo "1956"]
[BlackElo "2168"]
[PlyCount "42"]
[EventDate "2013.??.??"]

1. e4 c5 2. Nf3 Nc6 3. d4 cxd4 4. Nxd4 Nf6 5. Nc3 e5 6. Ndb5 d6 7. Bg5 a6 8.
Na3 b5 9. Bxf6 gxf6 10. Nd5 Bg7 11. c3 f5 12. exf5 Bxf5 13. Qf3 Bg6 14. Bd3 O-O
15. O-O f5 16. Qh3 Ne7 17. Nxe7+ Qxe7 18. f4 e4 19. Be2 d5 20. Nc2 b4 21. Nxb4
Qc5+ 1/2-1/2

[Event "12ème Open International de NANTES"]
[Site "Nantes - France"]
[Date "2013.12.30"]
[Round "7.12"]
[White "Hutois, Mickael"]
[Black "Julien, Jules-Alois"]
[Result "1-0"]
[WhiteElo "2141"]
[BlackElo "1975"]
[PlyCount "95"]
[EventDate "2013.??.??"]

1. d4 Nf6 2. Nf3 c5 3. c3 g6 4. Nbd2 Bg7 5. dxc5 Na6 6. Nb3 Qc7 7. Be3 Ng4 8.
Qd2 O-O 9. h4 f5 10. g3 Nxe3 11. Qxe3 d5 12. cxd6 Qxd6 13. Rd1 Qf6 14. h5 e5
15. hxg6 hxg6 16. Qg5 Qf7 17. Qh4 Bf6 18. Ng5 Qe7 19. Qh7+ Qxh7 20. Nxh7 Rf7
21. Nxf6+ Rxf6 22. Rd8+ Rf8 23. Rxf8+ Kxf8 24. Rh8+ Kg7 25. Re8 Kf6 26. Rf8+
Ke7 27. Rg8 Kf7 28. Rh8 Kg7 29. Rd8 b6 30. e3 Nc7 31. Bc4 Kf6 32. Rd6+ Kg7 33.
f4 exf4 34. gxf4 Ne8 35. Rd8 Nf6 36. Nd4 Bb7 37. Rd6 Re8 38. Ke2 Re7 39. Ne6+
Kh6 40. Rd8 Kh5 41. Rh8+ Kg4 42. Rh6 Bf3+ 43. Ke1 Bd5 44. Rxg6+ Kf3 45. Nd4+
Ke4 46. Be2 Rf7 47. Kd2 Bxa2 48. Bf3# 1-0

[Event "12ème Open International de NANTES"]
[Site "Nantes - France"]
[Date "2013.12.30"]
[Round "7.13"]
[White "Caillot, Arnaud"]
[Black "Picard, Remi"]
[Result "0-1"]
[WhiteElo "1665"]
[BlackElo "2057"]
[PlyCount "22"]
[EventDate "2013.??.??"]

1. d4 Nf6 2. c4 g6 3. Nc3 Bg7 4. e4 d6 5. f3 O-O 6. Be3 c5 7. dxc5 dxc5 8. Qxd8
Rxd8 9. Bxc5 Nc6 10. Nge2 b6 11. Be3 Nb4 0-1

[Event "12ème Open International de NANTES"]
[Site "Nantes - France"]
[Date "2013.12.30"]
[Round "7.14"]
[White "Henno, Francois"]
[Black "Saucourt, Nathan"]
[Result "1-0"]
[WhiteElo "1992"]
[BlackElo "1316"]
[Annotator "Violeau,Jean-Luc"]
[PlyCount "66"]
[EventDate "2013.??.??"]

1. e4 c5 2. Nf3 d6 3. d4 cxd4 4. Nxd4 Nf6 5. Nc3 a6 6. Bg5 e6 7. f4 Nbd7 8. Qf3
Be7 9. O-O-O Qc7 10. g4 b5 11. Bxf6 Bxf6 12. g5 Bxd4 13. Rxd4 Bb7 14. Qd1 Nc5
15. Bg2 Rd8 16. h4 e5 17. fxe5 dxe5 18. Rxd8+ Qxd8 19. Nd5 O-O 20. Qd2 Ne6 21.
Rd1 Bxd5 22. exd5 Nf4 23. Be4 Qd6 24. Kb1 Rd8 25. Qe3 Qe6 26. c4 Qg4 27. Bf3
Qf5+ 28. Be4 Qg4 29. Bc2 bxc4 30. Qxe5 Ng6 31. Qe3 Qxh4 32. d6 Qg4 33. Qc5 Re8
{[%emt 0:00:51] et gain blanc au coup 51.} 1-0

[Event "12ème Open International de NANTES"]
[Site "Nantes - France"]
[Date "2013.12.30"]
[Round "7.15"]
[White "Giraud, Thierry"]
[Black "Brard, Laurent"]
[Result "1/2-1/2"]
[WhiteElo "1853"]
[BlackElo "1890"]
[PlyCount "24"]
[EventDate "2013.??.??"]

1. d4 d5 2. Bf4 Nf6 3. e3 c5 4. Nf3 Nc6 5. Be2 Bg4 6. O-O e6 7. h3 Bxf3 8. Bxf3
cxd4 9. exd4 Qb6 10. c3 Qxb2 11. Qb3 Qxb3 12. axb3 Nd7 1/2-1/2